| 000 | 00617nam a2200193 i 4500 | ||
|---|---|---|---|
| 001 | 112761 | ||
| 003 | ES-MaACL | ||
| 005 | 20230906185624.0 | ||
| 007 | t| | ||
| 008 | 061121s1929 sp r ||||1| spa d | ||
| 100 | 1 |
_aNietzsche, Friedrich, _d1844-1900 _985718 |
|
| 245 | 1 | 0 |
_aAsí hablaba Zaratustra _b: ( un libro para todos y para nadie) / _cFriedrich Nietzsche ; traducción de J. E. Muñagorri. |
| 260 |
_aMadrid : _bRafael Caro Raggio, _c1929. |
||
| 300 |
_a2 v. ; _c19 cm. |
||
| 650 | 4 |
_aSuperhombre. _9147358 |
|
| 700 | 1 |
_aFardwel, William. _948835 |
|
| 852 |
_aES-MaACL _jB-3653-54 |
||
| 999 |
_c112761 _d112761 |
||